| 000 | 00827nam a22002292 4500 | ||
|---|---|---|---|
| 001 | 0000021131 | ||
| 005 | 20151217152226.0 | ||
| 008 | 120116s xx 000 0 eng d | ||
| 020 | _a0393065626 : | ||
| 040 |
_aKABU _cKABU |
||
| 100 | 1 |
_aMorris, Charles R. _@0000181827 |
|
| 245 | 1 | 4 |
_aThe Surgeons : _blife and death in a top heart center / _cCharles R. Morris. |
| 250 | _a1st ed. | ||
| 260 |
_aNew York : _bW. W. Norton, _c2007. |
||
| 300 |
_axvi, 317 p. ; _c cm. |
||
| 610 | 2 | 0 |
_aColumbia University Medical Center. _@0000181828 |
| 650 | 0 |
_aCardiac surgical procedures _cNew York City _xPernal narratives. _@0000181829 |
|
| 650 | 0 |
_aAcademic medical centers _cNew York City _xHistory _xPernal narratives. _@0000181830 |
|
| 852 | 1 | _9p2160 KES | |
| 908 | _a120116 | ||
| 950 | _@1 | ||
| 999 |
_c9559 _d9559 |
||